| 000 | 00400nam a2200169Ia 4500 | ||
|---|---|---|---|
| 008 | 221030s9999 xx 000 0 und d | ||
| 020 | _a8176353566 | ||
| 041 | _aEnglish | ||
| 082 | _a105.23 | ||
| 100 | _aP. Norton | ||
| 245 | 0 | _aPeter Norton`s Complete Guide to Networking | |
| 260 |
_bTechmedia _aNew Delhi _c2008 |
||
| 300 | _a576 | ||
| 650 | _aComputers | ||
| 700 | _aD. Kearns | ||
| 942 | _cBK | ||
| 999 |
_c5684 _d5684 |
||